000 00960nam a2200289Ia 4500
005 20220316235751.0
008 121119s1999 ck a gr 000 0 spa
020 _a9588052386
041 0 _aspa
100 1 _aMéndez, Consuelo
245 1 0 _aY los dioses crearon a los hombres
_cConsuelo Méndez, Mariela Zuluaga ; ilustraciones, Rocio Parra Parra
250 _aPrimera edición
300 _a13 páginas
_bilustraciones
_c21 cm
650 1 4 _aIndígenas de Colombia
_2LEMB
650 1 4 _aMitología indígena
_2LEMB
650 1 4 _aCosmología índigena
_2LEMB
650 1 4 _aLeyendas indígenas
_2LEMB
700 1 _aZuluaga, Mariela
_934393
700 1 _aParra Parra Rocio
_eilustrador
_934394
942 _2loc
_cBK
264 _aBogotá
_bMinisterio de Cultura
_c1999
336 _atexto
_btxt
_2rdacontent
337 _asin mediación
_bn
_2rdamedia
338 _avolumen
_bnc
_2rdacarrier
040 _aCO-BoRNBP
_bspa
_erda
_cCO-BoRNBP
084 _aLM MEN7
999 _c2095
_d2095